Normal view
MARC view
- PETER, NUTT BEV
Entry Personal Name
001 - CONTROL NUMBER
- control field: 91249
003 - CONTROL NUMBER IDENTIFIER
- control field: NUST
005 - DATE AND TIME OF LATEST TRANSACTION
- control field: 20220427122834.0
008 - FIXED-LENGTH DATA ELEMENTS
- fixed length control field: 220427|| aca||aabn | a|a d
040 ## - CATALOGING SOURCE
- Original cataloging agency: NUST
- Transcribing agency: NUST
100 ## - HEADING--PERSONAL NAME
- Personal name: PETER, NUTT BEV
670 ## - SOURCE DATA FOUND
- Source citation: Work cat.: (NUST): PETER, NUTT BEV., FACILITY MANAGEMENT RISK AND OPPORTUNITIES /, 2000.
